Bilecik Bilecik Bilecik Bilecik Bilecik

Maintaining & repairing VCRs/ (Record no. 23515)

MARC details
000 -BAŞLIK
Sabit Uzunluktaki Kontrol Alanı 00853nam a22002897a 4500
001 - KONTROL NUMARASI
Control Dosyası 0023561
003 - KONTROL NUMARASI KİMLİĞİ
Kontrol Alanı KOHA_MİRAKIL
005 - EN SON İŞLEM TARİHİ ve ZAMANI
Kontrol Alanı 20260207002414.0
007 - FİZİKSEL TANIM SABİT ALAN - GENEL BİLGİ
Sabit uzunluklu kontrol alanı ta
008 - SABİT UZUNLUKTAKİ VERİ ÖGELERİ - GENEL BİLGİ
Sabit Alan 101028b1996 us |||gr||||#||||0|eng |
020 ## - ISBN - ULUSLARARASI STANDART KİTAP NUMARASI
Isbn 0070242003
Nitelik bilgileri (pbk)
040 ## - KATALOGLAMA KAYNAĞI
Özgün Kataloglama Kurumu TR-BiSEU
Kataloglama Dili tur
Çeviri Kurumu TR-BiSEU
Açıklama Kuralları rda
041 0# - DİL KODU
Metin ya da ses kaydının dil kodu eng
044 ## - YAYINLAYAN/ÜRETEN KURULUŞUN ÜLKE KODU
ISO country code us
050 ## - SINIFLAMA ve YER NUMARASI
Sınıflama Numarası TK6655.V5
Yer Numarası G66 1996
100 1# - KİŞİ ADI
Yazar Adı (Kişi adı) Goodman, Robert L..
245 1# - ESER ADI BİLDİRİMİ
Başlık Maintaining & repairing VCRs/
Sorumluluk Bildirimi Robert L. Goodman ; by Robert L. Goodman.
250 ## - BASIM BİLDİRİMİ
Basım Bildirimi 4th ed.
264 #1 - ÜRERİM, YAYIN, DAĞITIM ve TELİF BİLDİRİMİ
Yayın yeri Blue Ridge Summit, PA :
Yayınlayan TAB Books
Yayın tarihi 1996
300 ## - FİZİKSEL TANIMLAMA
Sayfa, Cilt vb. xii, 495 sayfa: resimli; 24 cm.
336 ## - İÇERİK TÜRÜ
Content type term metin
Content type code txt
Source rdacontent
337 ## - MEDYA TÜRÜ
Media type term aracısız
Media type code n
Source rdamedia
338 ## - TAŞIYICI TÜRÜ
Carrier type term cilt
Carrier type code nc
Source rdacarrier
500 ## - GENEL NOT
Genel Not Dizin var.
650 #0 - KONU BAŞLIĞI EK GİRİŞ - KONU TERİMİ
Konusal terim veya coğrafi ad Videocassette recorders--Maintenance and repair.
9 (RLIN) 11706
942 ## - EK GİRİŞ ÖGELERİ (KOHA)
Source of classification or shelving scheme Library of Congress Classification
Koha item type Book
Holdings
Materyal Türü Kalıcı Konum Mevcut Konum Raf Yeri Sınıflandırma Kaynağı Edinim Bilgisi Ana Konular Alt Konular Yer Numarası Demirbaş Numarası Fatura Tarihi Maliyet, Alış Fiyatı Maliyet, Yenileme Fiyatı Geri Çekilme Durumu Kayıp Durumu Hasarlı Durumu Kredi için değil Kayıt Tarih Toplam Ödünçverme Son Görülme Tarihi Son Kontrol Tarihi Genel / Bağış Notu
Book Prof. Dr. Azmi Özcan Kütüphanesi Prof. Dr. Azmi Özcan Kütüphanesi Birûni Salonu Library of Congress Classification Bağış TEKNOLOJİ Elektrik Mühendisliği, Elektronik, Nükleer Mühendislik TK6655.V5 G66 1996 0023561 14/12/2010 10.00 10.00         28/10/2010   05/12/2024 05/12/2024 Marmara Çağdaş Eğitim Vakfı